00335nam a2200121Ia 4500008004100000020002200041041000800063082002400071100001800095245006300113260002800176300000900204230519s9999 xx 000 0 und d a978-93-81579-84-8 aeng a610.7361/SHI/DB0516 aShincy George aComprehensive Procedure Manual of Medical Surgical Nursing bEMMESSaBangalorec2016 a483p